Responses for Show #8666 - Monday, June 20, 2022

Megan Wachspress game 5.

Contestants

[<< previous game]

Tory Leviton, a musician and teacher from Englewood, Colorado

Ketty Pan, a head of new product development from Henderson, Nevada

Megan Wachspress, an attorney from Berkeley, California (whose 4-day cash winnings total $51,601)

[next game >>]

Jeopardy! Round responses

WASHINGTON SLIPPED HERE
AIR TRAVEL
ONE SMALL STEP FOR HAM
HORSE IDIOMS
CHEMICAL COMPOUNDS, COMMONLY
MASHED UP TV SHOWS
(Mayim: Give us the two titles that we've combined.)
    $200 1
the Oath of Office

Ketty
    $200 4
a layover

Tory
    $200 22
pink

Tory
    $200 27
the horse's mouth

Megan
    $200 11
salt

Ketty
    $200 16
Better Call Saul & Brooklyn Nine-Nine

Megan
    $400 2
Buchanan

Ketty
    $400 3
the tarmac

Megan
    $400 23
prosciutto

Tory
    $400 28
(Megan: What is drink? What is...)
(Mayim: No.)
(Megan: [Simultaneously] [**]?)
[Megan ruled incorrect; reversed after the break as she had started her correct response before Mayim ruled]

make him (them) drink

MeganKetty
    $400 12
laughing gas

Megan
    $400 17
Touched by an Angel & Home Improvement

Megan
    $1,200 6
Teapot Dome

Ketty
    $600 5
the bulkhead

Ketty
    $600 24
green eggs

Megan
    $600 10
chomping at the bit

Megan
    $600 13
soot

Tory
    $600 18
(Tory: What is I Dream of Jeannie and Kings of Anarchy?)

I Dream of Jeannie & Sons of Anarchy

KettyTory
    $800 9
(Megan: What are the Sedition Acts?)

the Alien and Sedition Acts

MeganTory
    $800 7
Midway

Ketty
    $800 25
(Megan: What is Sugarbaker?)
(Ketty: What is Honeywell?)

Honey Baked

MeganKettyTory
    $800 29
(Ketty: What is left the barn?)

close the barn door

MeganKetty
    $800 14
baking soda

Tory
    $800 19
(Ketty: What is... mm...)

What We Do in the Shadows & Only Murders in the Building

Ketty
Triple Stumper
    $1000 21
Committee to Re-elect the President

Megan
    $1000 8
the eustachian tube

Triple Stumper
    $1000 26
Smithfield

Triple Stumper
    $1000 30
put the cart before the horse

Megan
    $1000 15
gypsum

Tory
    $1000 20
Emily in Paris & Peaky Blinders

Ketty

Scores at the first commercial break (after clue 15):

Megan Ketty Tory
$600 $3,400 $3,400

Scores at the end of the Jeopardy! Round:

Megan Ketty Tory
$4,400 $3,000 $4,200

Double Jeopardy! Round responses

BELGIANS
GRAMMY-WINNING SONGS
OLD NAMES ON THE MAP
SADJECTIVES
PLAYS & PLAYWRIGHTS
THE ZODIAC SIGN...
    $400 6
Tour de France

Tory
    $400 21
Ed Sheeran

Tory
    $400 5
Czechoslovakia

Megan
    $400 13
blue

Megan
    $400 29
(Megan: What is The Crucible?)

Death of a Salesman

MeganKetty
    $400 30
Aquarius

Tory
    $800 11
[Slight laughter]

the big bang (theory)

Ketty
    $800 19
(Ketty: What is "No, No, No"?)
(Mayim: No.)
[Ketty laughs]

"Rehab"

KettyTory
    $800 4
Congo

Tory
    $800 14
heartbroken

Tory
    $800 17
Ibsen

Ketty
    $800 24
(Mayim: Yes, the crab.)

Cancer

Ketty
    $1200 8
von Furstenberg

Ketty
    $1200 7
Philadelphia

Ketty
    $1200 1
Prussia

Tory
    $1200 26
melancholy

Triple Stumper
    $1200 12
[Laughter]

in reverse or antichronological (backwards)

Megan
    $1200 22
Aries

Tory
    $1600 9
(Megan: What is electron scanning?)

the electron microscope

Megan
Triple Stumper
    $1600 15
"Don't Worry, Be Happy"

Ketty
    $1600 2
Toronto

Megan
    $1600 27
(Ketty: Mm... oh, sorry.)

glum

Ketty
Triple Stumper
    $1600 16
Les Liaisons dangereuses

Triple Stumper
    $1600 23
Leo

Ketty
    $2000 10
Art Nouveau

Megan
    $2000 20
"This Is America"

Megan
    $2000 3
Montenegro

Ketty
    $2,000 28
(Ketty: Uh...)
...
(Mayim: Adding "M" to sober.)

somber

Ketty
    $2000 18
Tracy Letts

Triple Stumper
    $8,800 25
(Ketty: What is Capricorn?)

Taurus (the bull)

Ketty

Scores at the end of the Double Jeopardy! Round:

Megan Ketty Tory
$10,000 $200 $10,200

[wagering suggestions for these scores]

Final Jeopardy! Round responses

BRITISH HISTORY
(Mayim: Megan, you were on the right track, but because we needed the root for the Greek word "alone", we were looking for [*]; Oliver Cromwell's parliament abolished [*] and beheaded King Charles I.)
KettyWhat is ?
$0
MeganWhat is [a few letters crossed out] the crown?
$9,599
ToryWhat is solo
$10,000
the monarchy

Final scores:

Megan Ketty Tory
$401 $200 $200
5-day champion: $52,002 3rd place: $1,000 2nd place: $2,000

Game dynamics:

Coryat scores:

Megan Ketty Tory
$10,000 $10,400 $10,200
17 R,
4 W
18 R
(including 1 DD),
7 W
(including 2 DDs)
16 R,
1 W

Combined Coryat: $30,600

[game clues] [game scores] [suggest correction]

Game tape date: 2022-04-28
The J! Archive is created by fans, for fans. Scraping, republication, monetization, and malicious use prohibited; this site may use cookies and collect identifying information. See terms. The Jeopardy! game show and all elements thereof, including but not limited to copyright and trademark thereto, are the property of Jeopardy Productions, Inc. and are protected under law. This website is not affiliated with, sponsored by, or operated by Jeopardy Productions, Inc. Join the discussion at JBoard.tv.